| 000 | 02098cam a2200433 a 4500 | ||
|---|---|---|---|
| 001 | 24666650 | ||
| 003 | PE-LiUPU | ||
| 005 | 20250731184611.0 | ||
| 008 | 911009s1992 nyuab b 001 0aeng | ||
| 020 | _a0671865412 | ||
| 040 |
_aDLC _cEXN _dPE-LiUPU _bspa _erda |
||
| 082 | 0 | 0 |
_a916.304 _223 _bH234s |
| 100 | 1 |
_aHancock, Graham. _d1950- _eAutor. |
|
| 245 | 1 | 4 |
_aThe sign and the seal : _bthe quest for the lost Ark of the Covenant / _cGraham Hancock. |
| 250 | _aPrimera Edición. | ||
| 264 |
_aNew York : _bA Toouchstone Book, _c1992. |
||
| 300 |
_aviii, 600 páginas : _bilustraciones, mapas ; _c25 centímetros. |
||
| 500 | _aEn cubierta: "As readable as a first-class detective story..." The sign and the seal, discover the most shattering historiacal secret of the last three thousand years-the quest for the lost ark of the covenant. | ||
| 504 | _aIncluye referencias bibliográficas páginas (517-288) e índice. | ||
| 505 | _aLEGEND: Initiation -- Disenchantment -- HOLY ARK AND HOLY GRAIL: The grail cipher -- A map to hidden treasure -- White knights, dark continent -- Resolving doubts -- A secret and never-ending quest -- LABYRINTH: Into Ethiopia -- Sacred lake -- Ghost in a maze -- and David danced before the ark...-- A MONSTROUS INSTRUMENT: Magic... or method? -- Treasures of darkness -- WHERE IN THE GLORY?: The glory is departed from Israel -- Hidden history -- Door of the Southern countries -- THE WASTE LAND: Supping with devils -- A treasure hard to attain. | ||
| 526 | _aP136 | ||
| 526 | _aP135 | ||
| 526 | _aP134 | ||
| 526 | _aP133 | ||
| 526 | _aP144 | ||
| 526 | _aP143 | ||
| 526 | _aP87 | ||
| 526 | _aP35 | ||
| 526 | _aP20 | ||
| 526 | _aP14 | ||
| 526 | _aP10 | ||
| 526 | _aP06 | ||
| 600 | 1 | 0 |
_aHancock, Graham _xViajes _zEtiopía. |
| 650 | 0 |
_aArca del pacto _xMiscelanea _91653 |
|
| 651 | 0 |
_aEtiopía _xDescripciones y viajes _91654 |
|
| 942 |
_2ddc _cBK _n0 |
||
| 980 |
_621515 _aDIGNA BRAÑES Analista Documental _81 _gALBERTO SANCHEZ Responsable de Automatización |
||
| 999 |
_c61926 _d61926 |
||